Manual para participar en el desarrollo institucional : (Registro nro. 5180)
[ vista simple ]
| 000 -LEADER | |
|---|---|
| fixed length control field | 01506nam a2200241Ia 4500 |
| 003 - CONTROL NUMBER IDENTIFIER | |
| control field | OSt |
| 005 - DATE AND TIME OF LATEST TRANSACTION | |
| control field | 20200408170109.0 |
| 008 - FIXED-LENGTH DATA ELEMENTS--GENERAL INFORMATION | |
| fixed length control field | 191128s1996 ck gr 000 0 spa d |
| 040 ## - CATALOGING SOURCE | |
| Original cataloging agency | CO-JMCR |
| Transcribing agency | CO-JMCR |
| 041 0# - LANGUAGE CODE | |
| Language code of text/sound track or separate title | spa |
| 082 04 - DEWEY DECIMAL CLASSIFICATION NUMBER | |
| Classification number | 323.042 / |
| Item number | E137m |
| Edition number | 21 |
| 100 1# - MAIN ENTRY--PERSONAL NAME | |
| Personal name | Eastman Robledo, Jorge Mario, |
| Relator term | compilador |
| 9 (RLIN) | 2858 |
| 245 10 - TITLE STATEMENT | |
| Title | Manual para participar en el desarrollo institucional : |
| Remainder of title | compendio normativo / |
| Statement of responsibility, etc. | Jorge Mario Eastman Robledo y William Zambrano Cetina, compiladores. |
| 260 ## - PUBLICATION, DISTRIBUTION, ETC. | |
| Place of publication, distribution, etc. | Bogotá : |
| Name of publisher, distributor, etc. | Consejería presidencial para el desarrollo institucional, |
| Date of publication, distribution, etc. | 1996 |
| 300 ## - PHYSICAL DESCRIPTION | |
| Extent | 5 v. ; |
| Dimensions | 28 cm. |
| 505 0# - FORMATTED CONTENTS NOTE | |
| Miscellaneous information | v.1 |
| Title | Participación en la vida política y el fortalecimiento de la democracia. |
| Miscellaneous information | v.2 |
| Title | Participación en la vida administrativa y el mejoramiento de la gestión pública. |
| Miscellaneous information | v.3 |
| Title | Participación en los espacios orgánicos de la administración pública. |
| Miscellaneous information | v.4 |
| Title | Participación en la vida socioeconómica y el desarrollo colectivo. |
| Miscellaneous information | v.5 |
| Title | Participación en la defensa del orden jurídico y la convivencia. |
| 520 ## - SUMMARY, ETC. | |
| Summary, etc. | Los derechos a constituir partidos, movimiento y agrupaciones políticas, a formar parte de ellas, a participar en sus actividades legítimas y a hacer oposición, podrán ser ejercidos libremente. |
| 650 14 - SUBJECT ADDED ENTRY--TOPICAL TERM | |
| Topical term or geographic name entry element | Democracia |
| Geographic subdivision | Colombia |
| 9 (RLIN) | 2859 |
| 650 14 - SUBJECT ADDED ENTRY--TOPICAL TERM | |
| Topical term or geographic name entry element | Cultura ciudadana |
| General subdivision | legislación |
| Geographic subdivision | Colombia |
| 9 (RLIN) | 2860 |
| 650 14 - SUBJECT ADDED ENTRY--TOPICAL TERM | |
| Topical term or geographic name entry element | Participación política |
| General subdivision | legislación |
| Form subdivision | manuales |
| Geographic subdivision | Colombia |
| 9 (RLIN) | 2861 |
| 700 1# - ADDED ENTRY--PERSONAL NAME | |
| Personal name | Zambrano Cetina, William, |
| Relator term | compilador |
| 9 (RLIN) | 2862 |
| 942 ## - ADDED ENTRY ELEMENTS (KOHA) | |
| Source of classification or shelving scheme | Dewey Decimal Classification |
| Koha item type | Books |
| Withdrawn status | Lost status | Source of classification or shelving scheme | Damaged status | Not for loan | Collection code | Home library | Current library | Date acquired | Source of acquisition | Cost, normal purchase price | Total Checkouts | Full call number | Barcode | Date last seen | Copy number | Koha item type |
|---|---|---|---|---|---|---|---|---|---|---|---|---|---|---|---|---|
| Dewey Decimal Classification | Non-fiction | Biblioteca Pública José María del Castillo y Rada | Biblioteca Pública José María del Castillo y Rada | 04/15/2018 | Donación | 0.00 | 323.042 / E137m | 430001412 | 05/16/2024 | V.1 / Ej.1 | Books | |||||
| Dewey Decimal Classification | Non-fiction | Biblioteca Pública José María del Castillo y Rada | Biblioteca Pública José María del Castillo y Rada | 04/15/2018 | Donación | 0.00 | 323.042 / E137m | 430001413 | 05/16/2024 | V.2 / Ej.1 | Books | |||||
| Dewey Decimal Classification | Non-fiction | Biblioteca Pública José María del Castillo y Rada | Biblioteca Pública José María del Castillo y Rada | 04/15/2018 | Donación | 0.00 | 323.042 / E137m | 430001414 | 05/16/2024 | V.3 / Ej.1 | Books | |||||
| Dewey Decimal Classification | Non-fiction | Biblioteca Pública José María del Castillo y Rada | Biblioteca Pública José María del Castillo y Rada | 04/15/2018 | Donación | 0.00 | 323.042 / E137m | 430001415 | 05/16/2024 | V.4 / Ej.1 | Books | |||||
| Dewey Decimal Classification | Non-fiction | Biblioteca Pública José María del Castillo y Rada | Biblioteca Pública José María del Castillo y Rada | 04/15/2018 | Donación | 0.00 | 323.042 / E137m | 430001416 | 05/16/2024 | V.5 / Ej.1 | Books |